| 000 | 00366nam a22001577a 4500 | ||
|---|---|---|---|
| 003 | SGT | ||
| 020 | _a9789356962675 | ||
| 082 |
_a617 _bT25M |
||
| 100 | _aMarwah, Sanjay | ||
| 245 | _aTextbook of Surgery for Dental Students | ||
| 250 | _a3rd Ed. | ||
| 260 |
_aNew Delhi, India _bJaypee Publishers _c2025 |
||
| 300 | _a398 | ||
| 650 | _aSurgery | ||
| 942 |
_2ddc _cBK |
||
| 999 |
_c32818 _d32818 |
||